LEADER 03176nam 22004933 450 001 9910155830103321 005 20231110223150.0 010 $a2-8062-8950-5 035 $a(CKB)3710000000977164 035 $a(MiAaPQ)EBC4772562 035 $a(Au-PeEL)EBL4772562 035 $a(CaPaEBR)ebr11654011 035 $a(OCoLC)966429494 035 $a(BIP)75497492 035 $a(EXLCZ)993710000000977164 100 $a20210901d2016 uy 0 101 0 $aspa 135 $aurcnu|||||||| 181 $ctxt$2rdacontent 182 $cc$2rdamedia 183 $acr$2rdacarrier 200 10$aHijos de la Medianoche de Salman Rushdie (Gui?a de Lectura) $eResumen y ana?lisis Completo 210 1$aCork :$cLemaitre Publishing,$d2016. 210 4$d©2016. 215 $a1 online resource (37 pages) 225 1 $aGui?a de Lectura 327 $aIntro -- Salman Rushdie -- Entre una prosa ecle?ctica y la rigurosidad de la historia -- Hijos de la medianoche -- Fantasi?a, historia y humanidad -- Resumen -- Estudio de los personajes -- Saleem Sinai -- Padma Mangroli -- Shiva -- La-bruja-Parvati -- Indira Gandhi -- Consideraciones formales -- Estructura -- Lenguaje y estilo: la relacio?n de Rushdie con el realismo ma?gico -- Tema?ticas y claves de lectura -- El individuo y la multitud -- La preservacio?n del legado -- El narrador y la veracidad de lo narrado -- Pistas para la reflexio?n -- Algunas preguntas para profundizar en su reflexio?n... -- Para ir ma?s alla?. 330 $aResumenExpress.com presenta y analiza en esta gui?a de lectura Hijos de la medianoche , de Salman Rushdie. Esta obra, magistralmente escrita por una de las mejores plumas de la e?poca actual, narra la vida de Saleem, inexorablemente unida al destino de su pai?s, la India. Un fascinante relato que mezcla historia, fantasi?a y compromiso social y que sirve de retrato de toda una generacio?n y de una cultura. ¡Ya no tienes que leer y resumir todo el libro, nosotros lo hemos hecho por ti! Esta gui?a incluye: * Un resumen completo del libro * Un estudio de los personajes * Las claves de lectura * Pistas para la reflexio?n ¿Por que? elegir ResumenExpress.com?  Para aprender de forma ra?pida. Porque nuestras publicaciones esta?n escritas con un estilo claro y conciso que te ayudara? a ganar tiempo y a entender las obras sin esfuerzo. Disponibles en formato impreso y digital, te acompan?ara?n en tu aventura literaria. Toma una dosis de literatura acelerada con ResumenExpress.com  410 0$aGui?a de Lectura 517 $aHijos de la medianoche de Salman Rushdie 606 $aFICTION / Alternative History$2bisacsh 606 $aFICTION / Fantasy / Contemporary$2bisacsh 606 $aHISTORY / Asia / South / General$2bisacsh 615 7$aFICTION / Alternative History 615 7$aFICTION / Fantasy / Contemporary 615 7$aHISTORY / Asia / South / General 700 $aResumenExpress$0868847 801 0$bMiAaPQ 801 1$bMiAaPQ 801 2$bMiAaPQ 906 $aBOOK 912 $a9910155830103321 996 $aHijos de la Medianoche de Salman Rushdie (Gui?a de Lectura)$92997231 997 $aUNINA